| 000 | 01142nam a2200313 i 4500 | ||
|---|---|---|---|
| 001 | 13108 | ||
| 003 | KOSZ 005 | ||
| 005 | 20200804141433.0 | ||
| 008 | 071102s1970 pl a f 001 0 pol | ||
| 015 | _aPB 1971/586 | ||
| 040 |
_aWA N _cWA N _dKOSZ 005/RW |
||
| 080 | _a621.39:621.316 | ||
| 100 | 1 |
_aMiłkowska, Maria _d(1902-1996). |
|
| 245 | 1 | 0 |
_aZestyki elektryczne w telekomutacji / _cMaria Miłkowska. |
| 260 |
_aWarszawa : _bWydawnictwa Naukowo-Techniczne, _c1970. |
||
| 300 |
_a189, [3] stron : _bilustracje ; _c23 cm. |
||
| 336 |
_aTekst _btxt _2rdacontent |
||
| 337 |
_aBez urządzenia pośredniczącego _bn _2rdamedia |
||
| 338 |
_aWolumin _bnc _2rdacarrier |
||
| 380 | _aKsiążki. | ||
| 490 | 1 | _aElektronika. | |
| 504 | _aBibliografia na stronach 189-[190]. Indeks. | ||
| 650 | 4 |
_aTelekomunikacja _xurządzenia. |
|
| 658 | _aInżynieria i technika | ||
| 710 | 2 |
_aWydawnictwa Naukowo-Techniczne _4pbl. |
|
| 856 |
_uhttp://koha.tu.koszalin.pl/cgi-bin/koha/opac-detail.pl?biblionumber=13108 _yKatalog online BPK |
||
| 830 | 0 | _aElektronika - Wydawnictwa Naukowo-Techniczne | |
| 942 |
_2UKD _cKS |
||
| 999 |
_c13108 _d13108 |
||